1394 1011 1185 1278 1869 1724 1025 1757 1715 1150 1209 1548 1223 1163 1552 1818 1292 1244 1933 1390 1695 1531 1690 1987 1053 1892 1123 1598 1667 1720 1735 1164 1366 1506 1931 1101 1008 1346 1921 1103 1469 1238 1434 1940 1598 1320 1196 1360 1893 1862 1762 1449 1596 1469 1127 1492 1568 1189 1567 1103 1788 1498 1909 1547 1725 1625 1372 1257 1870 1485 1300 1594 1708 1870 1912 1439 1397 1684 1795 1106 1639 1005 1807 1980 1990 1674 1441 1157 1050 1423 1000 1662 1799 1703 1576 1113 1541 1226 1382 BCNSPRNW ULIB Ver.6.0+V

เปลี่ยนเป็นภาษาไทย

Change to English
 แสดงรายละเอียดบรรณานุกรม
  กลับหน้าหลัก

Brief Record : Get Marc (ISO 2709) : E-mail record : QR code < ปิดหน้าต่าง
LEADER : 00000nam 2200000uu 4500
001    13399107764
003     ULIB
008    110202s2553||||th 000 0 tha d
020    9789742254155
060  4 ^aWJ300^bธ262N 2553
110 1  ^aสมาคมโรคไตแห่งประเทศไทย
245 00 ^aNephrology board review^cธนิต จิรนันท์ธวัช, สิริภา ช้างศิริกุล, ธนันดา ตระกูลวนิช และวสันต์ สุเมธกุล, บรรณาธิการ
250    ^aพิมพ์ครั้งที่ 1
260    ^aกรุงเทพฯ : ^bเท็กซ์ แอนด์ เจอร์นัล พับลิเคชั่น,^c2553
300    ^a374 หน้า ; ^bภาพประกอบ
700 0  ^aธนิต จิรนันท์ธวัช, บรรณาธิการ
700 0  ^aสิริภา ช้างศิริกุล, บรรณาธิการ
700 0  ^aธนันดา ตระกูลวนิช, บรรณาธิการ
700 0  ^aวสันต์ สุเมธกุล, บรรณาธิการ
945    ^p350^l0^i029478
945    ^p350^l0^i029477
945    ^p350^l0^i029479
995    เกษร
999 ^a ใช้งานได้ทุกระบบ
รายการนี้ยังไม่มีแท็ก
คุณยังไม่ได้ล็อกอิน คุณสามารถมีกิจกรรมร่วมกับเว็บไซต์ได้ แต่ต้องล็อกอินก่อน ::
  ล็อกอิน

รายการสื่อสารสนเทศ

ลำดับที่ ประเภท เลขเรียก/บาร์โค้ด สถานที่ สถานะ
1. วิทยาศาสตร์การแพทย์ และสุขภาพ
หนังสือสำรอง
สถานะ=หนังสือสำรอง
WJ300 ธ262N 2553 ฉ.1 
  Barcode: 029477
ห้องสมุดวิทยาเขตสวรรค์ประชารักษ์
►ส่วนจัดเก็บหนังสือเก่า สปร
บนชั้น
  ขอยืม
2. วิทยาศาสตร์การแพทย์ และสุขภาพ
วิทยาศาสตร์การแพทย์ และสุขภาพ
WJ300 ธ262N 2553 ฉ.2 
  Barcode: 029478
ห้องสมุดวิทยาเขตสวรรค์ประชารักษ์
►ส่วนจัดเก็บหนังสือเก่า สปร
บนชั้น
  ขอยืม
3. วิทยาศาสตร์การแพทย์ และสุขภาพ
วิทยาศาสตร์การแพทย์ และสุขภาพ
WJ300 ธ262N 2553 ฉ.3 
  Barcode: 029479
ห้องสมุดวิทยาเขตสวรรค์ประชารักษ์
►ส่วนจัดเก็บหนังสือเก่า สปร
บนชั้น
  ขอยืม

BibComment


ยังไม่เคยถูกคอมเมนท์

คอมเมนท์ทรัพยากรรายการนี้
  คอมเมนท์: Nephrology board..


 Copyright 2026. Bcnsprnw @Library